[Event "GER-chT U20 Girls"]
[Site "?"]
[Date "2002.12.28"]
[Round "3.1"]
[White "Burisch Christin"]
[Black "Kind Veronika"]
[Result "1/2-1/2"]
[WhiteElo "1950"]
[BlackElo "1734"]
[PlyCount "86"]
[EventDate "2002.??.??"]
[Source "www.chesslib.no"]
[SourceDate "2004.05.04"]

1. c4 Nf6 2. d4 g6 3. Nc3 d5 4. e3 Bg7 5. Bd3 O-O 6. Nf3 c5 7. O-O Nc6 8. dxc5 dxc4 9. Bxc4 Qa5 10. Nb5 Ne4 11. Nbd4 Qxc5 12. Nxc6 bxc6 13. Qe2 Rd8 14. Bb3 Qb4 15. Ne1 Nc5 16. Bc4 Bf5 17. g4 Be6 18. Bxe6 Nxe6 19. f3 Qd6 20. Qc2 c5 21. Rb1 Qd5 22. b3 Bh6 23. f4 Bg7 24. h3 h5 25. g5 Rab8 26. Ba3 Rbc8 27. Nf3 Qd3 28. Qxd3 Rxd3 29. Kf2 Kf8 30. Rfc1 f5 31. Rc2 c4 32. Rbc1 c3 33. Ne1 Rd7 34. Bb4 Rdc7 35. Nd3 Kf7 36. h4 Rd7 37. Ke2 Rdc7 38. Rd1 Rb8 39. Rdc1 Rbc8 40. Kf3 Rd7 41. Rd1 Rdc7 42. Nc1 Rb7 43. Ba3 Ke8 1/2-1/2

[Event "Berlin GER"]
[Site "?"]
[Date "2002.??.??"]
[Round "3"]
[White "Radloff Rainer"]
[Black "Bruening Wolfgang"]
[Result "0-1"]
[WhiteElo "1598"]
[BlackElo "2081"]
[PlyCount "54"]
[EventDate "2002.??.??"]
[Source "www.chesslib.no"]
[SourceDate "2004.05.04"]

1. d4 Nf6 2. c4 g6 3. Nc3 d5 4. e3 Bg7 5. Nf3 O-O 6. Bd3 Nc6 7. Bd2 Bg4 8. h3 Bxf3 9. Qxf3 Nb4 10. Bb1 c5 11. Nxd5 Nbxd5 12. cxd5 cxd4 13. e4 Qb6 14. b3 Nxd5 15. exd5 d3 16. Bh6 Qd4 17. Bxg7 Kxg7 18. Qxd3 Qxa1 19. O-O Qf6 20. Re1 Rfd8 21. Qe4 Rd7 22. h4 Rad8 23. Bd3 Rxd5 24. Bc4 Rd1 25. Rxd1 Rxd1+ 26. Kh2 Rd4 27. Qxb7 Qxf2 0-1

[Event "Corr"]
[Site "?"]
[Date "2001.01.23"]
[Round "?"]
[White "Pulkkinen Marko"]
[Black "Suc Timothy"]
[Result "1-0"]
[WhiteElo "1857"]
[BlackElo "1819"]
[PlyCount "109"]
[EventDate "2001.??.??"]
[Source "www.chesslib.no"]
[SourceDate "2004.05.04"]

1. d4 Nf6 2. c4 g6 3. Nc3 d5 4. Nf3 Bg7 5. e3 O-O 6. Bd3 c5 7. O-O cxd4 8. exd4 Nc6 9. h3 Nb4 10. Be2 Be6 11. Qa4 Nc6 12. Rd1 dxc4 13. Bxc4 Bxc4 14. Qxc4 Rc8 15. Qb5 Qc7 16. d5 Na5 17. Qa4 Rfd8 18. Bf4 Qc4 19. Qxa5 Qxf4 20. Qxa7 Qb4 21. Rab1 Rc5 22. Rd4 Qa5 23. Qxa5 Rxa5 24. Rbd1 Ne8 25. Rb4 Nd6 26. Nd4 Rc8 27. a4 Kf8 28. Ndb5 Nc4 29. Rc1 Nb6 30. d6 exd6 31. Nxd6 Rc6 32. Rxb6 Rxb6 33. Nc4 Rba6 34. Nxa5 Rxa5 35. b4 Ra8 36. Nd5 Bh6 37. Rc7 Rxa4 38. Rxb7 Ra1+ 39. Kh2 Rb1 40. b5 Bd2 41. b6 Be1 42. Rd7 Bxf2 43. b7 Ba7 44. Kg3 Kg7 45. Ne7 Bb8+ 46. Kf3 Rb3+ 47. Ke4 Rb4+ 48. Kd3 Rb1 49. Nd5 Rb2 50. g4 Rb3+ 51. Kc4 Rxh3 52. Rd8 Be5 53. g5 Rh1 54. Nf6 Rc1+ 55. Kb3 1-0

[Event "Niedersachsen-ch U18"]
[Site "?"]
[Date "2001.04.??"]
[Round "7"]
[White "Konken Fabian"]
[Black "Petzold Lutz Lukas"]
[Result "1/2-1/2"]
[WhiteElo "1851"]
[BlackElo "1822"]
[PlyCount "73"]
[EventDate "2001.??.??"]
[Source "www.chesslib.no"]
[SourceDate "2004.05.04"]

1. c4 Nf6 2. d4 g6 3. Nc3 d5 4. Nf3 Bg7 5. e3 O-O 6. Bd3 c5 7. O-O cxd4 8. exd4 Nc6 9. Be3 a6 10. b3 dxc4 11. bxc4 Bg4 12. Be2 Na5 13. Ne5 Bxe2 14. Qxe2 Nd7 15. f4 Nxe5 16. fxe5 Rc8 17. c5 Nc6 18. Rad1 Qa5 19. Nd5 Rcd8 20. Qc4 Qb5 21. Nb6 Qxc4 22. Nxc4 Nb4 23. a3 Nd5 24. Bd2 Rd7 25. Ba5 Bh6 26. Rf3 Rc8 27. g3 b5 28. Nb6 Nxb6 29. Bxb6 Bg7 30. Rfd3 Rd5 31. Kf2 f6 32. exf6 exf6 33. g4 f5 34. gxf5 Rxf5+ 35. Rf3 Rd5 36. Rfd3 Rc6 37. Ke2 1/2-1/2

[Event "Corr"]
[Site "?"]
[Date "1999.04.26"]
[Round "?"]
[White "Pulkkinen Marko"]
[Black "Fuller Robert A"]
[Result "1/2-1/2"]
[WhiteElo "1881"]
[BlackElo "1758"]
[PlyCount "70"]
[EventDate "1999.??.??"]
[Source "www.chesslib.no"]
[SourceDate "2004.05.04"]

1. d4 Nf6 2. c4 g6 3. Nc3 d5 4. Nf3 Bg7 5. e3 O-O 6. Bd3 c5 7. O-O Nc6 8. cxd5 Nxd5 9. Nxd5 Qxd5 10. e4 Qd6 11. d5 Nd4 12. Nxd4 Bxd4 13. Qb3 Rd8 14. Bg5 Kg7 15. Bh4 b6 16. Rad1 Bb7 17. Rfe1 Rac8 18. Be2 Be5 19. Bg4 Rc7 20. Bg3 Bxg3 21. hxg3 f6 22. f4 c4 23. Qc3 Qc5+ 24. Kh1 b5 25. a3 a6 26. Qe3 c3 27. Qxc5 Rxc5 28. Rc1 h5 29. Bh3 g5 30. Bf5 Bc8 31. Rxc3 Rxc3 32. bxc3 Bxf5 33. exf5 Kf7 34. Rd1 g4 35. a4 bxa4 1/2-1/2

[Event "Corr"]
[Site "?"]
[Date "2001.07.08"]
[Round "?"]
[White "Olsson Gary"]
[Black "Perez Jose M"]
[Result "0-1"]
[WhiteElo "1833"]
[BlackElo "1803"]
[PlyCount "68"]
[EventDate "2001.??.??"]
[Source "www.chesslib.no"]
[SourceDate "2004.05.04"]

1. d4 Nf6 2. c4 g6 3. Nc3 d5 4. Nf3 Bg7 5. e3 O-O 6. Bd3 c5 7. O-O cxd4 8. Nxd4 Nc6 9. Nxc6 bxc6 10. Qc2 Qc7 11. b3 Ng4 12. g3 dxc4 13. Bxc4 Qe5 14. Bb2 Qh5 15. h4 g5 16. Qe4 gxh4 17. Qf3 Be5 18. Qh1 Qg6 19. Qxh4 Qc2 20. Qg5+ Kh8 21. Qxe7 Be6 22. Bxe6 fxe6 23. Qxe6 Qxb2 24. Ne4 Rg8 25. Rad1 Qxa2 26. Rd7 Rg6 27. Qf5 Bg7 28. Rfd1 Rg8 29. R1d6 Qb1+ 30. Kg2 Qc2 31. Rd2 Qxb3 32. Rxa7 Rf8 33. Qc5 Rh6 34. Qc1 Nxe3+ 0-1

[Event "DDR Ch women"]
[Site "Torgelow"]
[Date "1978.??.??"]
[Round "12"]
[White "Mai, Iris"]
[Black "Seils, Gudula"]
[Result "1/2-1/2"]
[WhiteElo "1820"]
[BlackElo "1815"]
[PlyCount "49"]
[EventDate "1978.02.??"]
[Source "www.chesslib.no"]
[SourceDate "2004.05.04"]

1. d4 Nf6 2. c4 g6 3. Nc3 d5 4. Nf3 Bg7 5. e3 O-O 6. Bd3 dxc4 7. Bxc4 e6 8. O-O b6 9. Ne2 Bb7 10. Ng3 Nbd7 11. Bd2 c5 12. Bc3 cxd4 13. Bxd4 Ne4 14. Nxe4 Bxe4 15. Bxg7 Kxg7 16. Qd4+ Nf6 17. Rfd1 Qxd4 18. Rxd4 Rfd8 19. Rad1 Rxd4 20. Nxd4 Rc8 21. Bb3 Bd5 22. Bxd5 Nxd5 23. e4 Nf6 24. e5 Nd5 25. g3 1/2-1/2

[Event "La Fere (France)"]
[Site "?"]
[Date "2004.07.??"]
[Round "2"]
[White "Wlodarczyk Antoine"]
[Black "Demeestere Laurent"]
[Result "0-1"]
[WhiteElo "1640"]
[BlackElo "1984"]
[PlyCount "66"]
[EventDate "2004.??.??"]
[Source "www.chesslib.no"]
[SourceDate "2004.05.04"]

1. d4 Nf6 2. c4 g6 3. Nc3 d5 4. Nf3 Bg7 5. e3 O-O 6. Bd3 c5 7. cxd5 cxd4 8. exd4 Nxd5 9. Qb3 Nb6 10. Be3 Nc6 11. d5 Bxc3+ 12. bxc3 Nxd5 13. Bh6 Re8 14. Be4 Nf6 15. Ng5 Ne5 16. Rd1 Qc7 17. Bc2 Nfg4 18. f4 Nc4 19. Bd3 Nd6 20. Bb5 Qb6 21. Rxd6 exd6+ 22. Bxe8 Qe3+ 23. Kd1 Qxe8 24. Re1 Qd7 25. Nxf7 Nxh6 26. Nxh6+ Kg7 27. Ng8 Qg4+ 28. Kc2 Bf5+ 29. Kb2 Qxg2+ 30. Ka3 Be4 31. Qe6 Bd5 32. Re2 Bxe6 33. Rxg2 Kxg8 0-1

[Event "Belfort"]
[Site "?"]
[Date "2005.07.29"]
[Round "11.10"]
[White "Zaichenko Daria"]
[Black "Mc Vay Karsten"]
[Result "1/2-1/2"]
[WhiteElo "2023"]
[BlackElo "1599"]
[PlyCount "54"]
[EventDate "2005.??.??"]
[Source "www.chesslib.no"]
[SourceDate "2004.05.04"]

1. d4 Nf6 2. c4 g6 3. Nc3 d5 4. e3 Bg7 5. Nf3 O-O 6. Bd3 b6 7. O-O Bb7 8. b3 Nbd7 9. Bb2 c5 10. Rc1 Rc8 11. Qe2 cxd4 12. Nxd4 Nc5 13. cxd5 Nxd5 14. Bc4 Nxc3 15. Bxc3 Ne4 16. Bb2 e5 17. Nf3 Qe7 18. Rfd1 Rfd8 19. Rxd8+ Rxd8 20. Rd1 Nd6 21. Bd5 e4 22. Bxb7 Bxb2 23. Qxb2 Nxb7 24. Rxd8+ Qxd8 25. Nd4 Nc5 26. h3 Qd7 27. Qc2 a5 1/2-1/2

[Event "Belfort"]
[Site "?"]
[Date "2005.07.23"]
[Round "5.10"]
[White "Anusca Madalina-Maria"]
[Black "Esonboeva Gulruhsor"]
[Result "1/2-1/2"]
[WhiteElo "1999"]
[BlackElo "1599"]
[PlyCount "63"]
[EventDate "2005.??.??"]
[Source "www.chesslib.no"]
[SourceDate "2004.05.04"]

1. d4 Nf6 2. c4 g6 3. Nc3 d5 4. e3 Bg7 5. Nf3 O-O 6. Bd3 b6 7. Qc2 Bb7 8. Qe2 Nbd7 9. O-O c5 10. Re1 Rc8 11. b3 Ne4 12. Bb2 Ndf6 13. cxd5 Nxc3 14. Bxc3 Nxd5 15. Bb2 Nb4 16. Rad1 Nxd3 17. Qxd3 Bxf3 18. gxf3 e6 19. Qe4 Qe7 20. Ba3 Rfd8 21. Rc1 Qg5+ 22. Kh1 cxd4 23. Rxc8 Rxc8 24. exd4 Qa5 25. Rc1 Rxc1+ 26. Bxc1 Bxd4 27. Qxd4 Qe1+ 28. Kg2 Qxc1 29. Qd8+ Kg7 30. Qd4+ Kh6 31. Qh4+ Kg7 32. Qd4+ 1/2-1/2

[Event "Mörlenbach (02.04.-10.04)"]
[Site "?"]
[Date "2004.04.04"]
[Round "3"]
[White "Scholz Gerd"]
[Black "Claus Juergen"]
[Result "1/2-1/2"]
[WhiteElo "1734"]
[BlackElo "1848"]
[PlyCount "37"]
[EventDate "2004.??.??"]
[Source "www.chesslib.no"]
[SourceDate "2004.05.04"]

1. d4 Nf6 2. c4 g6 3. Nc3 d5 4. Nf3 Bg7 5. e3 O-O 6. Bd3 c6 7. O-O dxc4 8. Bxc4 Nbd7 9. Qc2 Nb6 10. Bd3 Bg4 11. Ne5 Be6 12. f4 Nfd5 13. a3 Nxc3 14. bxc3 Bxe5 15. fxe5 Bc4 16. e4 Qc7 17. Bh6 Rfd8 18. Bf8 Rxf8 19. Qf2 1/2-1/2

[Event "Vienna op-B 14th"]
[Site "?"]
[Date "2003.08.21"]
[Round "6"]
[White "Johanssen Torsten"]
[Black "Schreiber Ewald"]
[Result "0-1"]
[WhiteElo "1778"]
[BlackElo "1779"]
[PlyCount "42"]
[EventDate "2003.??.??"]
[Source "www.chesslib.no"]
[SourceDate "2004.05.04"]

1. c4 Nf6 2. Nc3 g6 3. Nf3 d5 4. e3 Bg7 5. d4 O-O 6. Bd3 c5 7. O-O cxd4 8. Nxd4 Nc6 9. Nxc6 bxc6 10. cxd5 cxd5 11. Bd2 Rb8 12. Rb1 Ng4 13. f4 d4 14. Ne4 dxe3 15. Bc3 Bf5 16. Bc2 Qxd1 17. Rfxd1 Nf2 18. Bxg7 Kxg7 19. Rd4 Rfd8 20. Rxd8 Rxd8 21. Re1 Bxe4 0-1

[Event "Bochum"]
[Site "?"]
[Date "2004.05.26"]
[Round "4.6"]
[White "Meise Ulrich"]
[Black "Richter Bernd"]
[Result "1-0"]
[WhiteElo "1855"]
[BlackElo "1691"]
[PlyCount "101"]
[EventDate "2004.??.??"]
[Source "www.chesslib.no"]
[SourceDate "2004.05.04"]

1. d4 Nf6 2. c4 g6 3. Nc3 d5 4. Nf3 Bg7 5. e3 O-O 6. Bd3 Bg4 7. h3 dxc4 8. Bxc4 Bxf3 9. Qxf3 c6 10. O-O Nbd7 11. Bb3 e5 12. dxe5 Nxe5 13. Qe2 Qd3 14. Bc2 Qxe2 15. Nxe2 Nd5 16. a3 Nc4 17. Rb1 Rfe8 18. e4 Nf6 19. Nc3 Rad8 20. Re1 Nd2 21. Ra1 Ndxe4 22. Nxe4 Nxe4 23. Rxe4 Rxe4 24. Bxe4 Rd1+ 25. Kh2 Bh6 26. Bxh6 Rxa1 27. Be3 f5 28. Bc2 a6 29. g4 fxg4 30. hxg4 Re1 31. Bd3 Rd1 32. Bc4+ Kg7 33. Be6 Rd8 34. Kg3 Kf6 35. Bc4 Ke5 36. Kh4 Rd1 37. Bb3 Rb1 38. f4+ Kd6 39. Bd4 c5 40. Be5+ Kc6 41. Bf7 b5 42. Kg5 Rh1 43. f5 gxf5 44. Kxf5 Kd7 45. Be6+ Ke7 46. Bc8 a5 47. Ba6 b4 48. a4 h5 49. g5 Re1 50. Bf6+ Kf7 51. g6+ 1-0